[Event "XXXV Miedzynarodowy Turniej Szachowy o Puchar Wojewody Dolnoslaskiego"]
[Site "Legnica"]
[Date "1899-12-30"]
[Round "7.2"]
[White "Goluch, Piotr"]
[Black "Dhulipalla, Bala Chandra Prasad"]
[Result "1-0"]
[WhiteTitle "IM"]
[BlackTitle "IM"]
[WhiteElo "2415"]
[BlackElo "2414"]

1. d4 d5 2. Nf3 e6 3. c4 a6 4. e3 Nf6 5. b3 c5 6. dxc5 Bxc5 7. a3 O-O 8. b4 Ba7
9. Bb2 Nc6 10. cxd5 exd5 11. Be2 Re8 12. O-O Bg4 13. Nc3 Rc8 14. b5 axb5 15. Nxb5
Bb8 16. Rc1 Ne4 17. h3 Bh5 18. Qd3 Bxf3 19. Bxf3 Qg5 20. Rfd1 Ne5 21. Bxe5 Rxc1
22. Rxc1 Qxe5 23. Rd1 Rc8 24. Qxd5 Qxd5 25. Rxd5 Rc1+ 26. Bd1 g6 27. f3 Nc5 28.
Rd8+ Kg7 29. f4 Rb1 30. Rxb8 Rxd1+ 31. Kh2 Rd3 32. e4 Nxe4 33. Rxb7 h5 34. Re7
Ng3 35. Re1 h4 36. a4 Nh5 37. Ra1 Nxf4 38. a5 Rd2 39. a6 Rxg2+ 40. Kh1 Rb2 41.
a7 Rxb5 42. a8=Q Nxh3 43. Qf3 Ng5 44. Qc3+ Kh7 45. Qc4 Rf5 46. Qxh4+ Kg7 47. Qd4+
Kh6 48. Kg2 Nf3 49. Qd8 Kh5 50. Rh1+ Kg4 51. Qd1 1-0

[Event "XXXV Miedzynarodowy Turniej Szachowy o Puchar Wojewody Dolnoslaskiego"]
[Site "Legnica"]
[Date "1899-12-30"]
[Round "7.4"]
[White "Cyborowski, Lukasz"]
[Black "Kantans, Toms"]
[Result "0-1"]
[WhiteTitle "GM"]
[BlackTitle "GM"]
[WhiteElo "2509"]
[BlackElo "2490"]

1. Nf3 c5 2. c3 Nf6 3. d4 b6 4. Bf4 Bb7 5. e3 g6 6. h3 Bg7 7. Be2 O-O 8. O-O d6
9. Nbd2 Nbd7 10. Bh2 a6 11. a4 Qc7 12. Bd3 e5 13. dxe5 dxe5 14. Qe2 Rfe8 15. Rfe1
h6 16. Qd1 Bc6 17. Qe2 Qb7 18. e4 Nh5 19. Nc4 Re6 20. g3 Rd8 21. b3 Nf8 22. Ncd2
b5 23. axb5 axb5 24. Ra5 b4 25. Nc4 bxc3 26. Rxc5 Qb4 27. Ra5 Nd7 28. Qe3 Bb5
29. Ra7 Bf8 30. Rc7 Nhf6 31. g4 Ne8 32. Rxd7 Rxd7 33. Ncxe5 Rd8 34. Bxb5 Qxb5
35. Nd4 Rxd4 36. Qxd4 Bg7 37. Qd5 Nd6 38. Nd3 Qb6 39. Nc5 Nb5 40. Nxe6 fxe6 41.
Qd7 Nd4 42. Kg2 c2 43. Qe8+ Kh7 44. Qf7 Qb5 45. Bf4 Nxb3 46. Qxe6 Qb4 47. Rh1
Qc3 48. Bc1 Nxc1 49. Rxc1 Qd2 50. Rxc2 Qxc2 51. h4 Qc5 52. Kg3 Qc7+ 53. f4 Qc3+
54. Kg2 Qd2+ 55. Kf3 Qd3+ 56. Kg2 Qe2+ 57. Kg3 Qe3+ 58. Kg2 Qxf4 59. h5 g5 0-1

[Event "XXXV Miedzynarodowy Turniej Szachowy o Puchar Wojewody Dolnoslaskiego"]
[Site "Legnica"]
[Date "1899-12-30"]
[Round "7.5"]
[White "Polok, Kacper"]
[Black "Sieciechowicz, Marcin"]
[Result "0-1"]
[WhiteTitle "FM"]
[BlackTitle "IM"]
[WhiteElo "2336"]
[BlackElo "2366"]

1. e4 c5 2. Ne2 d6 3. g3 d5 4. Bg2 d4 5. d3 Nc6 6. O-O g6 7. Nd2 Bg7 8. f4 e5 9.
Nc4 f6 10. fxe5 fxe5 11. c3 b5 12. Na3 a6 13. cxd4 cxd4 14. Qb3 Qe7 15. Bg5 Qe6
16. Qc2 Bd7 17. Nc1 h6 18. Bd2 Nf6 19. Nb3 O-O 20. Rac1 Qe7 21. Nc5 Be8 22. b4
g5 23. Qb2 Nd8 24. Bf3 Bf7 25. Bd1 Ne6 26. Bb3 Kh8 27. Nc2 Bg8 28. Na1 Nd8 29.
Bxg8 Nxg8 30. Rxf8 Qxf8 31. Nab3 Ra7 32. Rf1 Qe8 33. Qc1 Nf7 34. Qd1 Nf6 35. Kg2
Nd6 36. h3 Kh7 37. Rf2 Qg6 38. Qf1 Ng8 39. Na5 Ra8 40. Qd1 Nf6 41. Qe2 Qf7 42.
Be1 Qg6 43. Rf1 Nfe8 44. Qg4 Rc8 45. Nab3 h5 46. Qe2 Ra8 47. g4 Nf6 48. Bg3 hxg4
49. hxg4 Ng8 50. Nd7 Qe8 51. Nbc5 Ra7 52. Nb6 a5 53. bxa5 Rxa5 54. Qd2 Ra3 55.
Rf2 Rc3 56. Nb3 Qg6 57. Nd5 Nxe4 58. Qe2 Nxg3 59. Kxg3 Qxd3+ 60. Qxd3+ Rxd3+ 61.
Rf3 Rd1 62. Nc5 Nh6 63. Ne4 Rg1+ 64. Kf2 Rxg4 65. Ndf6+ Bxf6 66. Nxf6+ Kg6 67.
Nxg4 Nxg4+ 68. Ke2 Nf6 69. Ra3 Nd5 70. Ra8 Kf5 71. Kd3 Nf4+ 72. Kd2 e4 73. Rb8
e3+ 74. Kd1 Ke4 75. Rxb5 Nd5 76. Ke1 d3 77. Rc5 Kd4 0-1

[Event "XXXV Miedzynarodowy Turniej Szachowy o Puchar Wojewody Dolnoslaskiego"]
[Site "Legnica"]
[Date "1899-12-30"]
[Round "8.1"]
[White "Hnydiuk, Aleksander"]
[Black "Sieciechowicz, Marcin"]
[Result "1/2-1/2"]
[WhiteTitle "IM"]
[BlackTitle "IM"]
[WhiteElo "2423"]
[BlackElo "2366"]

1. d4 Nf6 2. c4 g6 3. Nf3 Bg7 4. g3 c6 5. Nc3 d5 6. Qb3 O-O 7. Bg2 Qb6 8. O-O Bf5
9. Qxb6 axb6 10. cxd5 Nxd5 11. Bd2 Nxc3 12. Bxc3 Be4 13. Rfd1 Na6 14. Nd2 Bxg2
15. Kxg2 Nc7 16. Nc4 Ra6 17. e3 Nd5 18. Be1 Rfa8 19. a3 b5 20. Ne5 Bxe5 21. dxe5
Kf8 22. e4 Nb6 23. Rd3 Ke8 24. Rad1 Rc8 25. g4 Na4 26. Bc3 Raa8 27. Rh3 Nxc3 28.
bxc3 e6 29. Rxh7 Ke7 30. Rh3 Rxa3 31. Rhd3 Kf8 32. Rd7 Rxc3 33. Rxb7 Kg7 34. Rdd7
Rf8 35. Rdc7 g5 36. Rb6 Rc5 37. Rcxc6 Rxe5 38. f3 Kf6 39. Rc7 b4 40. Rxb4 Ra5
41. Kg3 Ra3 42. Rb5 Rd8 43. Rbb7 Rf8 44. Ra7 Rxa7 45. Rxa7 e5 46. Ra6+ Kg7 47.
h4 gxh4+ 48. Kxh4 f6 49. Kg3 Rb8 50. g5 fxg5 51. Re6 Rb5 52. Kg4 Kf7 53. Kf5 Rb3
54. Rf6+ Ke7 55. Kxg5 Ra3 56. Rf5 Ke6 57. Kg4 Ra1 58. Kg3 Rg1+ 59. Kf2 Ra1 60.
Rh5 Kf6 61. Rh6+ Kf7 62. Rb6 Ke7 63. Kg3 Rg1+ 64. Kh4 Kf7 65. Ra6 1/2-1/2

[Event "XXXV Miedzynarodowy Turniej Szachowy o Puchar Wojewody Dolnoslaskiego"]
[Site "Legnica"]
[Date "1899-12-30"]
[Round "8.2"]
[White "Kantans, Toms"]
[Black "Polok, Kacper"]
[Result "1-0"]
[WhiteTitle "GM"]
[BlackTitle "FM"]
[WhiteElo "2490"]
[BlackElo "2336"]

1. e4 e6 2. c4 d5 3. exd5 exd5 4. cxd5 Nf6 5. Nc3 Nxd5 6. Nf3 Be7 7. d4 O-O 8.
Bd3 Nc6 9. O-O Bg4 10. h3 Bxf3 11. Qxf3 Ndb4 12. d5 Nxd3 13. Qxd3 Ne5 14. Qb5
Qd6 15. Be3 a6 16. Qb3 Qb4 17. Qc2 f5 18. Ne2 Bd6 19. Nf4 Qc4 20. Rac1 Qxc2 21.
Rxc2 Rac8 22. Ne6 Rf7 23. Rd1 Nd7 24. a4 Nf8 25. Bc5 Re8 26. Bxd6 cxd6 27. Nd4
g6 28. a5 Ree7 29. Rc8 Kg7 30. Rb8 h6 31. b4 Re5 32. b5 axb5 33. Nxb5 Rd7 34.
g3 Kf7 35. Rxb7 Ke7 36. a6 1-0

[Event "XXXV Miedzynarodowy Turniej Szachowy o Puchar Wojewody Dolnoslaskiego"]
[Site "Legnica"]
[Date "1899-12-30"]
[Round "8.4"]
[White "Dhulipalla, Bala Chandra Prasad"]
[Black "Grela, Kacper"]
[Result "0-1"]
[WhiteTitle "IM"]
[BlackTitle "FM"]
[WhiteElo "2414"]
[BlackElo "2369"]

1. d4 d5 2. c4 dxc4 3. e4 e5 4. Nf3 exd4 5. Bxc4 Nc6 6. O-O Be6 7. Bxe6 fxe6 8.
Qb3 Qd7 9. Qxb7 Rb8 10. Qa6 Bc5 11. Qc4 Bb6 12. Bd2 Nge7 13. b4 O-O 14. b5 Nd8
15. Ne5 Qd6 16. Nd3 a5 17. a4 Kh8 18. Na3 Nf7 19. Qb3 Ra8 20. Nc4 Qd7 21. Rac1
Nd6 22. Nce5 Qe8 23. f3 Ng6 24. Nxg6+ Qxg6 25. Bf4 Rad8 26. Rc6 Rfe8 27. Rfc1
Qf7 28. Qb2 e5 29. Bxe5 Rxe5 30. Nxe5 Qf4 31. Nc4 Nxc4 32. R6xc4 d3+ 33. Kh1 d2
34. Rd1 Qe3 35. Qb1 Qe2 36. e5 Qxc4 0-1

[Event "XXXV Miedzynarodowy Turniej Szachowy o Puchar Wojewody Dolnoslaskiego"]
[Site "Legnica"]
[Date "1899-12-30"]
[Round "8.5"]
[White "Solodovnichenko, Yuri"]
[Black "Goluch, Piotr"]
[Result "1-0"]
[WhiteTitle "GM"]
[BlackTitle "IM"]
[WhiteElo "2584"]
[BlackElo "2415"]

1. e4 c6 2. d4 d5 3. e5 Bf5 4. Nf3 e6 5. Be2 Ne7 6. O-O Nd7 7. Nbd2 c5 8. c4 cxd4
9. Nxd4 Nxe5 10. cxd5 Qxd5 11. Nxf5 Nxf5 12. Qa4+ Nc6 13. Bf3 Qd7 14. Nc4 Bc5
15. Rd1 Nfd4 16. Be3 Rd8 17. Bxc6 Qxc6 18. Qxc6+ bxc6 19. Rd2 e5 20. Nxe5 Bb6
21. Rad1 c5 22. b4 Bc7 23. bxc5 Bxe5 24. Bxd4 Bxd4 25. Rxd4 Ke7 26. Re1+ Kf6 27.
Rf4+ Kg6 28. Rg4+ Kf6 29. Rf4+ Kg6 30. Rg4+ Kf6 31. Ra4 Rhe8 32. Kf1 Rxe1+ 33.
Kxe1 Rd7 34. Ke2 Ke5 35. Ke3 Rc7 36. Ra5 Kd5 37. g4 f6 38. Kf4 Re7 39. f3 Rc7
40. h4 g6 41. h5 Rf7 42. h6 Rc7 43. Ra6 Kxc5 44. Rxf6 Kd5 45. Ra6 Rf7+ 46. Kg5
Ke5 47. f4+ Ke4 48. Re6+ Kd4 49. Re8 Kd5 50. a4 a6 51. Ra8 Ke4 52. Rxa6 Rxf4 53.
Rf6 1-0

[Event "XXXV Miedzynarodowy Turniej Szachowy o Puchar Wojewody Dolnoslaskiego"]
[Site "Legnica"]
[Date "1899-12-30"]
[Round "9.1"]
[White "Goluch, Piotr"]
[Black "Hnydiuk, Aleksander"]
[Result "0-1"]
[WhiteTitle "IM"]
[BlackTitle "IM"]
[WhiteElo "2415"]
[BlackElo "2423"]

1. Nf3 c5 2. e4 e6 3. c3 d5 4. exd5 Qxd5 5. d4 Nf6 6. Bd3 Be7 7. O-O O-O 8. Qe2
Nc6 9. Rd1 Qh5 10. Ne5 Qxe2 11. Bxe2 cxd4 12. Nxc6 bxc6 13. Rxd4 Rb8 14. Ra4 Bc5
15. Nd2 Rd8 16. Nb3 Bb6 17. Be3 e5 18. Rd1 Rxd1+ 19. Bxd1 Nd5 20. Bxb6 axb6 21.
Bf3 Be6 22. g3 Kf8 23. Ra7 c5 24. Nd2 Rd8 25. Ne4 h6 26. Ra6 c4 27. a4 f5 28.
Nc5 Bc8 29. Ra8 bxc5 30. Bxd5 Rxd5 31. Rxc8+ Ke7 32. Rc7+ Kd6 33. Rxg7 Rd1+ 34.
Kg2 Rd2 35. a5 Rxb2 36. a6 Ra2 37. a7 Kd5 38. Rd7+ Ke4 39. h4 h5 40. Kh3 Kf3 41.
Rd5 Ke4 42. Rd7 Kf3 43. Rd5 Ke4 44. Rxc5 Rxa7 45. Rxc4+ Kf3 46. Rc5 Re7 47. c4
Kxf2 48. Ra5 e4 49. Rxf5+ Kg1 50. Ra5 e3 51. Ra1+ Kf2 52. g4 e2 53. gxh5 Kf3 54.
Re1 Re3 55. Kh2 Kf2 56. Ra1 e1=Q 57. Rxe1 Rxe1 58. h6 Re6 59. Kh3 Kf3 0-1

[Event "XXXV Miedzynarodowy Turniej Szachowy o Puchar Wojewody Dolnoslaskiego"]
[Site "Legnica"]
[Date "1899-12-30"]
[Round "9.2"]
[White "Grela, Kacper"]
[Black "Solodovnichenko, Yuri"]
[Result "0-1"]
[WhiteTitle "FM"]
[BlackTitle "GM"]
[WhiteElo "2369"]
[BlackElo "2584"]

1. e4 c5 2. Nf3 e6 3. d4 cxd4 4. Nxd4 Nc6 5. Nc3 Qc7 6. Be2 Nf6 7. O-O a6 8. Be3
Be7 9. f4 d6 10. Qe1 Nxd4 11. Bxd4 b5 12. a3 Bb7 13. Bf3 e5 14. Be3 O-O 15. Rd1
Rac8 16. Qg3 Rfe8 17. Rfe1 Qb8 18. fxe5 dxe5 19. Bh6 Bf8 20. Bg5 Qa7+ 21. Kh1
Qb6 22. h4 b4 23. axb4 Bxb4 24. h5 h6 25. Be3 Qe6 26. Bxh6 Nxh5 27. Qg5 Qxh6 28.
Qxh6 Ng3+ 29. Kh2 gxh6 30. Kxg3 Bxc3 31. bxc3 Rxc3 32. Rd7 Bc6 33. Ra7 Bb5 34.
Rh1 Re6 35. Rd1 Be2 36. Rd8+ Kg7 37. Rdd7 Rf6 38. Rdc7 Ra3 39. c3 Bxf3 40. gxf3
h5 41. Re7 Rxc3 42. Rxe5 Rfxf3+ 43. Kg2 h4 44. Rxa6 h3+ 45. Kg1 Rc1+ 0-1

[Event "XXXV Miedzynarodowy Turniej Szachowy o Puchar Wojewody Dolnoslaskiego"]
[Site "Legnica"]
[Date "1899-12-30"]
[Round "9.3"]
[White "Cyborowski, Lukasz"]
[Black "Dhulipalla, Bala Chandra Prasad"]
[Result "1-0"]
[WhiteTitle "GM"]
[BlackTitle "IM"]
[WhiteElo "2509"]
[BlackElo "2414"]

1. d4 d5 2. Nf3 e6 3. c4 a6 4. e3 Nf6 5. Nbd2 c5 6. dxc5 Bxc5 7. a3 dxc4 8. Bxc4
b5 9. Be2 O-O 10. b4 Bd6 11. Bb2 Bb7 12. O-O Qe7 13. Nd4 Nc6 14. Nxc6 Bxc6 15.
Rc1 Rac8 16. Bf3 Bxf3 17. Qxf3 a5 18. Rxc8 Rxc8 19. bxa5 Ne8 20. Qe2 Rc2 21. Rb1
Qc7 22. Qxb5 Bxh2+ 23. Kh1 Nf6 24. Ne4 Bd6 25. Nxd6 Qxd6 26. a6 Rc8 27. Qb7 Rf8
28. Bxf6 gxf6 29. a7 Qxa3 30. Qb8 Qa5 31. Rb5 Qa4 32. Rb4 Qd1+ 33. Kh2 Qh5+ 34.
Kg3 Qc5 1-0

[Event "XXXV Miedzynarodowy Turniej Szachowy o Puchar Wojewody Dolnoslaskiego"]
[Site "Legnica"]
[Date "1899-12-30"]
[Round "9.5"]
[White "Sieciechowicz, Marcin"]
[Black "Kantans, Toms"]
[Result "0-1"]
[WhiteTitle "IM"]
[BlackTitle "GM"]
[WhiteElo "2366"]
[BlackElo "2490"]

1. d4 Nf6 2. Nf3 g6 3. Bg5 Bg7 4. Nbd2 h6 5. Bh4 d6 6. e3 O-O 7. Be2 Nbd7 8. O-O
e5 9. h3 Qe7 10. c4 Re8 11. d5 a5 12. Rc1 Nc5 13. Ne1 e4 14. Nb3 Nxb3 15. Qxb3
g5 16. Bg3 Nd7 17. Qa3 f5 18. Nc2 Qf6 19. Nd4 f4 20. Bh2 Ne5 21. Rfd1 f3 22. Bf1
fxg2 23. Bxg2 g4 24. Bxe4 gxh3 25. f4 Nxc4 26. Rxc4 Rxe4 27. Kf2 Bg4 28. Rg1 h5
29. Rxc7 Rxd4 30. Rxg7+ Kxg7 31. exd4 Re8 32. Qd3 Qe7 33. Kg3 Qe2 34. Qxe2 Rxe2
35. Rh1 Kf6 36. Bg1 Rg2+ 37. Kh4 Kf5 38. Bh2 a4 39. Bg3 Rxb2 40. a3 b5 41. Be1
Rb1 42. Kg3 Ra1 0-1